01389 2200409 4500001002100000005001500021035002000036006001800056007000300074008004100077020002200118040004000140082001500180084001700195100002800212245019400240250002800434264003800462300006100500336002100561337003000582338002300612504003100635650002300666700004000689700003400729700003200763700003000795700003500825710002500860850001200885090002000897041000800917990001800925990001800943990001800961INLIS00000000073537220181008110058 a0010-0818000806aa g 000 0ta171101s20172017jbia g ind d a978-979-002-733-6 aJKPNPNAbindcYOPDYOGdYOPDYOGerda04223a633.15 a633.15 RUD p0 aRudi H. Paeruepenyusun10aPanduan praktis budidaya jagung /cRudi H. Paeru,S.P., Trias Qurnia Dewi, S.P.; editor, Febriani Ai Nurrohmah; foto ilustrasi, Anggoro Wibowo, Rudi H. Paeru, M. Syukur, Dok. Penebar Swadaya aCetakan I, Jakarta 201731aJakarta :bPenebar Swadaya,c2017 a84 halaman :bilustrasi berwarna, foto berwarna ;c23 cm 2rdacontentateks 2rdamediaatanpa perantara 2rdacarrieravolume aBibliografi: halaman 80-81 4aJagung--xBudidaya0 aTrias Qurnia Dewi,d1979-epenyusun0 aFebriani Ai Nurrohmaheeditor0 aAnggoro Wibowoejuru potret0 aRudi H Paeruejuru potret0 aM. Syukur,d1972-ejuru potret2 aDok. Penebar Swadaya aYOPDYOG aPK 633.15 RUD p0 aind a36751-PD/B.18 a36752-PD/B.18 a36753-PD/B.18